| 000 | 00700nam a22002417a 4500 | ||
|---|---|---|---|
| 001 | 00552 | ||
| 003 | DO-SdBNP | ||
| 005 | 20180223132849.0 | ||
| 007 | 00552 | ||
| 008 | 160616b pr 2014|||| |||| 00| 0 spa d | ||
| 020 | _a9780989014809 | ||
| 040 |
_aBPMSU _bspa _cBPMSU |
||
| 100 | 1 | _aFelicié Soto, Ada Myriam | |
| 245 | 1 | 0 |
_aArturo y el tesoro escondido / _bAda Miriam Felicié Soto ; ilustración Abimael Ortíz Álvarez |
| 260 |
_aPuerto Rico : _bHostos, _c2014 |
||
| 300 |
_a32 p. : _bil., _c26 cm. |
||
| 490 | 1 | _aInfantil | |
| 700 | 1 |
_aOrtíz Álvarez, Abimael, _eil. |
|
| 830 | 0 | _aInfantil | |
| 942 |
_2ddc _cBK |
||
| 945 | _aInventariado, 2018/MFF | ||
| 956 |
_aBTAVÁREZ _b10 _c16062016 _d00552 |
||
| 999 |
_c10413 _d10413 |
||